| 000 | 01052aas a2200253 4500 | ||
|---|---|---|---|
| 999 |
_c1077 _d1077 |
||
| 003 | BR-BrBNA | ||
| 005 | 20230317233030.0 | ||
| 007 | ta | ||
| 008 | 230119b bl ||||| |||| 00| 0 por d | ||
| 022 | _a0014-5394 | ||
| 035 | _a000485-5 | ||
| 040 |
_aBR-BrBNA _bPor _cBR-BrBNA |
||
| 042 | _a031367-X | ||
| 044 | _abl | ||
| 245 | _aExtensão em Minas Gerais (Brazil) | ||
| 260 |
_aBelo Horizonte-MG _bEmpresa de Assistência Técnica e Extensão Rural do Estado de Minas Gerais _c1963 _eBMG |
||
| 270 | _aAv. dos Andradas, 367 - 3º andar - 30000-000 | ||
| 310 | _abimestral (de dois em dois meses) | ||
| 500 | _aInstituição varia: Associação de Crédito e Asssitência Rural | ||
| 505 | _a1963 7(94-,97,99-100); 1964 7-9(101-108,110-112); 1965 9-10(114-115,118-124); 1966-68 10-13(125-159); 1969 13-14(160-165,167-171); 1970 14-15(172-181); 1971 16(186); 1972-75 1-4(1-21); 1977-78 6-7(22-29); 1980-84 8-13(30-41,41 2ºed); 1985-87 14-15(42-45); 1991-99 15-18(46-71); | ||
| 650 | 1 | 2 | _gEXTENSAO AGRICOLA |
| 909 |
_a56 _bSergio Santos _c56 _dSergio Santos |
||
| 942 |
_cCR _2AGRIS |
||